000 00288nam a2200121Ia 4500
008 190216s9999||||xx |||||||||||||| ||und||
100 _aVayalar Ramavarma
245 0 _aKalyana Sougandhikam
260 _bPoorna Pubs Kozhikode
_c1988
300 _a95p
650 _aKavithkal
942 _cBK
999 _c27019
_d27019